Tvorba komplexů typových prvků pro ASŘ pro ověření
Salvato in:
| Natura: | Libro |
|---|---|
| Lingua: | ceco |
| Pubblicazione: |
Praha
Federální ministerstvo pro technický a investičný rozvoj
1980
|
| Serie: | Doporučené metodické zásady
|
| Tags: |
Nessun Tag, puoi essere il primo ad aggiungerne!!
|
MARC
| LEADER | 00000nam a2200000 4500 | ||
|---|---|---|---|
| 001 | c105558 | ||
| 005 | 20041019155134.9 | ||
| 041 | 0 | |a cze | |
| 044 | |a CZ | ||
| 245 | 1 | 0 | |a Tvorba komplexů typových prvků pro ASŘ |b pro ověření |
| 264 | 1 | |a Praha |b Federální ministerstvo pro technický a investičný rozvoj |c 1980 | |
| 300 | |a 45 s. | ||
| 490 | 1 | |a Doporučené metodické zásady | |
| 830 | 0 | |a Doporučené metodické zásady | |